Law Reports Exchequer division 1877 - 80 Vol. 1-2 / (Record no. 1708)

MARC details
000 -LEADER
fixed length control field 00849nam a2200229u 4500
001 - CONTROL NUMBER
control field 9574822
003 - CONTROL NUMBER IDENTIFIER
control field OSt
005 - DATE AND TIME OF LATEST TRANSACTION
control field 20120210111903.0
008 - FIXED-LENGTH DATA ELEMENTS--GENERAL INFORMATION
fixed length control field 850305m18761880xx 000 0 eng
010 ## - LIBRARY OF CONGRESS CONTROL NUMBER
LC control number unk84231070
020 ## - INTERNATIONAL STANDARD BOOK NUMBER
International Standard Book Number 0406091358
040 ## - CATALOGING SOURCE
Original cataloging agency DLC
Transcribing agency CarP
Modifying agency DLC
050 00 - LIBRARY OF CONGRESS CALL NUMBER
Classification number LAW <Great Britain 5 Exch 1876->
082 ## - DEWEY DECIMAL CLASSIFICATION NUMBER
Edition number 22
Classification number 348.041 LAW
110 2# - MAIN ENTRY--CORPORATE NAME
Corporate name or jurisdiction name as entry element Law Reports.
Subordinate unit Exchequer.
-- Division. [from old catalog]
9 (RLIN) 3787
245 00 - TITLE STATEMENT
Title Law Reports Exchequer division 1877 - 80 Vol. 1-2 /
260 ## - PUBLICATION, DISTRIBUTION, ETC. (IMPRINT)
Place of publication, distribution, etc London: printed for the Incorporated Council of Law Reporting,
Date of publication, distribution, etc 1973
300 ## - PHYSICAL DESCRIPTION
Extent 5 v.
Other physical details cm.
906 ## - LOCAL DATA ELEMENT F, LDF (RLIN)
a 0
b cbc
c premunv
d u
e ncip
f 19
g y-gencatlg
942 ## - ADDED ENTRY ELEMENTS (KOHA)
Source of classification or shelving scheme Dewey Decimal Classification
Koha item type Books
Holdings
Withdrawn status Lost status Source of classification or shelving scheme Damaged status Not for loan Home library Current library Shelving location Date acquired Total Checkouts Full call number Barcode Checked out Date last seen Date checked out Price effective from Koha item type
    Dewey Decimal Classification     Law Development Centre Main Library Law Development Centre Main Library Law Reports 05/10/2011 1 348.041 LAW 2011/ 985 03/06/2012 02/10/2012 02/10/2012 05/10/2011 Law Reports